| 000 | 00643nam a22001337a 4500 | ||
|---|---|---|---|
| 040 | _cRUA | ||
| 082 | _aAGR MAO 2014 B431 Or.1 | ||
| 100 | _aMAO SREYMOM, ម៉ៅ ស្រីមុំ | ||
| 245 | _aYellow maize (Zea mays) cropping system in phnum proeuk district Battambang province, ប្រព័ន្ធដាំដុះដំណាំពោតក្រហមនៅស្រុកភ្នំព្រឹក ខេត្តបាត់ដំបង | ||
| 260 |
_aPhnom Penh _bRUA _c2014 |
||
| 300 |
_aix; 36p. _bill. _c29cm. |
||
| 856 | _uhttps://drive.google.com/file/d/1D9Klgk1yg2_NlT0Ph3v5NkHvOPNCEAL4/view?usp=sharing | ||
| 942 | _cAGR | ||
| 999 |
_c7079 _d7079 |
||